Una historia imposible (Registro nro. 4056)

Detalles MARC
000 -CABECERA
Longitud fija campo de control 00660nam a2200205 b 4500
003 - IDENTIFICADOR DELl NÚMERO DE CONTROL
Identificador del número de control OSt
005 - FECHA Y HORA DE LA ÚLTIMA TRANSACCIÓN
Fecha y hora de la última transacción 20171204162236.0
008 - CÓDIGOS DE INFORMACIÓN DE LONGITUD FIJA
Códigos de información de longitud fija 070222s2005 cr | ||| ||spa
020 ## - NÚMERO INTERNACIONAL NORMALIZADO PARA LIBROS
Número Internacional Normalizado para Libros (ISBN) 9968-41-072-1
040 ## - FUENTE DE LA CATALOGACIÓN
Centro catalogador de origen SpMaBN
Centro transcriptor BMC
082 ## - NÚMERO DE LA CLASIFICACIÓN DECIMAL DEWEY
Númeroo de clasificación 863.6
100 10 - PUNTO DE ACCESO PRINCIPAL-NOMBRE DE PERSONA
9 (RLIN) 9250
Nombre de persona Fernández Cuervo, Luis Miguel
245 14 - MENCIÓN DE TÍTULO
Título Una historia imposible
Mención de responsabilidad, etc. Luis Miguel Fernández Cuervo ; prólogo de Jorge Mario Cabrera Valverde
260 ## - PUBLICACIÓN, DISTRIBUCIÓN, ETC. (PIE DE IMPRENTA)
Lugar de publicación, distribución, etc. San José (Costa Rica)
Nombre del editor, distribuidor, etc. Promesa
Fecha de publicación, distribución, etc. 2005
300 ## - DESCRIPCIÓN FÍSICA
Extensión 147 p.
Dimensiones 21 cm
490 ## - MENCIÓN DE SERIE
Mención de serie Novela
Designación de volumen o secuencia 1
500 ## - NOTA GENERAL
Nota general Ejemp. con nº de inventario 1014054 tiene la cub. al revés
700 1# - PUNTO DE ACCESO ADICIONAL - NOMBRE DE PERSONA
9 (RLIN) 4429
Nombre de persona Cabrera Valverde, Jorge Mario
942 ## - ENTRADA DE ELEMENTOS AGREGADOS (KOHA)
Fuente de clasificaión o esquema Dewey Decimal Classification
Koha [por defecto] tipo de item 1- Monografias
Existencias
Suprimido Perdido Fuente de clasificación o esquema Estropeado Restricciones de uso No para préstamo Código de colección Localización permanente Localización actual Localización en estanter&íacute;as Fecha adquisición Fuente de adquisición Número de inventario Préstamos totales Signatura completa Código de barras Fecha última consulta Fecha último préstamo Coste, precio reemplazado Fecha del precio de reemplazo Tipo de item de Koha
NULL NULL Dewey Decimal Classification NULL Prestable NULL NULL Biblioteca Miguel de Cervantes - UNICAES Biblioteca Miguel de Cervantes - UNICAES Sala Principal 24/08/2006 Donación - Vicerrectoria 007036 1 863.6 FER his 1007036 24/10/2017 17/10/2017 9.00 14/11/2013 1- Monografias
NULL NULL Dewey Decimal Classification NULL Prestable NULL NULL Biblioteca Miguel de Cervantes - UNICAES Biblioteca Miguel de Cervantes - UNICAES Sala Principal 24/08/2006 Donación - Vicerrectoria 007037   863.6 FER his 1007037 14/11/2013   9.00 14/11/2013 1- Monografias
NULL NULL Dewey Decimal Classification NULL Prestable NULL NULL Biblioteca Miguel de Cervantes - UNICAES Biblioteca Miguel de Cervantes - UNICAES Sala Principal 24/08/2006 Donación - Vicerrectoria 007038   863.6 FER his 1007038 14/11/2013   9.00 14/11/2013 1- Monografias
NULL NULL Dewey Decimal Classification NULL Prestable NULL NULL Biblioteca Miguel de Cervantes - UNICAES Biblioteca Miguel de Cervantes - UNICAES Sala Principal 22/11/2007 Donación - Promesa 015349   863.6 FER his 1015349 28/04/2014   9.00 28/04/2014 1- Monografias
NULL NULL Dewey Decimal Classification NULL Prestable NULL NULL Biblioteca Miguel de Cervantes - UNICAES Biblioteca Miguel de Cervantes - UNICAES Sala Principal 20/11/2017 Donación - Moisés Martínez 033588   863.6 FER his 1042926 28/11/2017     28/11/2017 1- Monografias